000 00465nam a2200169Ia 4500
005 20250923144412.0
008 008 250917s9999 xx 000 0 eng d
037 _aTextual
040 _aDSWL
_beng
_cDSWL
041 _aeng
_2eng
084 _aYxp73,M74, N38;2
_qDSWL
245 0 _aNational Conference of Social Work proceedings ,65th
260 _c1938
300 _a802 p.
942 _cTEXL
_hYxp73,M74, N38;2
999 _c1438410
_d1438410